Dallas Mavericks Head Coaches by Picture - Statistics

General Stats
  • This quiz has been taken 23 times
  • The average score is 4 of 10
Answer Stats
Picture Hint Answer % Correct
2008-2021 Rick Carlisle
100%
2021-Present Jason Kidd
94%
1997-2005 Don Nelson
71%
2005-2008 Avery Johnson
65%
1980-1987 | 1994-1996 Dick Motta
29%
1989-1992 Richie Adubato
24%
1992-1993 Gar Heard
18%
1987-1989 John MacLeod
18%
1993-1994 Quinn Buckner
12%
1996-1997 Jim Cleamons
6%
No matching quizzes found
Score Distribution
Percent of People with Each Score
Percentile by Number Answered
Your Score History
You have not taken this quiz